000 00515nam a2200193Ia 4500
003 OSt
005 20140313132951.0
008 140130s9999 xx 000 0 und d
020 _a051624117
050 _aPZ 8.3
_b.M224Md 1998
100 _aMcKissack, Patricia C.
245 _cMcKissack, Patricia C.
_aMessy bessey and the birthday overnight /
260 _bScholastic,
_c1998.
_aNew York :
300 _a31 p. :
_bcol. ill. ;
_c18 cm.
521 _aG2
526 _c490
942 _cBK
_2lcc
999 _c40511
_d40511